| 000 | 00688nam a2200217 u 4500 | ||
|---|---|---|---|
| 005 | 20210223130247.0 | ||
| 008 | 070906s2000 mx r 000 0 spa d | ||
| 020 | _a9686982108 | ||
| 035 | _aUPN01000151710 | ||
| 049 | _aCG | ||
| 050 | 4 |
_aPR2935 _bW4.7 |
|
| 100 | 1 |
_aWilde, Oscar, _d1854-1900 _928364 |
|
| 245 | 1 | 3 |
_aEl retrato de Mr. W. H. / _cOscar Wilde ; tr. Julio Hubard. |
| 260 |
_aMéxico : _bPsicoanalítica de la Letra A. C., _cc2000. |
||
| 300 | _a108 P. | ||
| 440 | 0 | _aTextos de me cayó el veinte | |
| 500 | _aÉcole lacanienne de psychanalyse | ||
| 534 |
_pTítulo original: _tThe portrait of Mr. W. H. |
||
| 600 | 1 | 4 |
_aSHAKESPEARE, WILLIAM, _d1564-1616 |
| 905 | _aLibro | ||
| 999 |
_c123846 _d123846 |
||